Premiers of Quebec - Statistics

General Stats
  • This quiz has been taken 19 times
  • The average score is 19 of 37
Answer Stats
Hint Party Answer % Correct
2018 - Present Coalition Avenir Québec François Legault
100%
1976 -1985 Parti Québécois René Lévesque
100%
2003 - 2012 Liberal Jean Charest
93%
1936 - 1939 Union Nationale Maurice Duplessis
93%
1944 - 1959 Union Nationale Maurice Duplessis
93%
2014 - 2018 Liberal Philippe Couillard
93%
1994 - 1996 Parti Québécois Jacques Parizeau
86%
2012 - 2014 Parti Québécois Pauline Marois
86%
1996 - 2001 Parti Québécois Lucien Bouchard
79%
1994 Liberal Daniel Johnson Jr.
71%
1966 - 1968 Union Nationale Daniel Johnson Sr.
71%
1960 - 1966 Liberal Jean Lesage
71%
1985 Parti Québécois Pierre Marc Johnson
71%
1970 - 1976 Liberal Robert Bourassa
71%
1985 - 1994 Liberal Robert Bourassa
71%
1936 Liberal Adélard Godbout
57%
1939 - 1944 Liberal Adélard Godbout
57%
2001 - 2003 Parti Québécois Bernard Landry
50%
1960 Union Nationale Antonio Barrette
43%
1905 - 1920 Liberal Lomer Gouin
43%
1959 - 1960 Union Nationale Paul Sauvé
43%
1887 - 1891 Parti National Honoré Mercier
36%
1920 - 1936 Liberal Louis-Alexandre Taschereau
36%
1874 - 1878 Conservative Charles Boucher de Boucherville
29%
1891 - 1892 Conservative Charles Boucher de Boucherville
29%
1968 - 1970 Union Nationale Jean-Jacques Bertrand
29%
1897 - 1900 Liberal Félix-Gabriel Marchand
21%
1867 - 1873 Conservative Pierre-Joseph-Olivier Chauveau
21%
1900 - 1905 Liberal Simon-Napoléon Parent
21%
1896 - 1897 Conservative Edmund James Flynn
14%
1873 - 1874 Conservative Gédéon Ouimet
14%
1878 - 1879 Liberal Henri-Gustave Joly de Lotbinière
14%
1884 - 1887 Conservative John Jones Ross
14%
1879 - 1882 Conservative Joseph-Adolphe Chapleau
14%
1882 - 1884 Conservative Joseph-Alfred Mousseau
14%
1887 Conservative Louis-Olivier Taillon
14%
1892 - 1896 Conservative Louis-Olivier Taillon
14%
No matching quizzes found
Score Distribution
Percent of People with Each Score
Percentile by Number Answered
Your Score History
You have not taken this quiz